Eugen Rosenberg - slovenský, český a britský architekt

Podrobná bibliografia
Hlavný autor: Kramáriková, Janka (Autor)
Médium: Článok
Jazyk:slovenčina
angličtina
Fyzický popis:Fotogr.
ISSN:0044-8680
Predmet:

MARC

LEADER 00000nab a2200000 ar4500
001 vtls009505076
003 SK-MaSNL
005 20260303060912.0
008 090505c2008 xo qr|p|||||||000 b|slo
015 |a SNBRB2009/05  |2 snkbucl 
038 |a SNKBUCL 
040 |a SNKBUCL  |b slo  |c SNKBUCL  |e AACR2 
041 0 |a slo  |a eng 
044 |a xo  |c SK 
080 |a 72.071.1  |2 2001 
080 |a 929 Rosenberg, Eugen  |2 2001 
100 1 |a Kramáriková, Janka  |4 aut  |9 26663 
245 1 0 |a Eugen Rosenberg - slovenský, český a britský architekt  |c Janka Kramáriková 
246 3 1 |a Eugene Rosenberg - the Slovak, Czech and British Architect 
300 |b Fotogr. 
500 |a Poznámky 
500 |a Súpis diel 
546 |a Súbežný názov a text v angličtine 
600 1 7 |a Rosenberg, Eugen,  |d 1907-1990  |2 snkbucl  |9 24662 
655 7 |a profily  |2 snkbucl  |9 341977 
773 0 |t Architektúra & urbanizmus  |g Roč. XLII, č. 3-4 (2008), s. 143-158  |x 0044-8680 
852 |a SNK  |b KIS3GCP 
958 |a BX 
958 |a GB 
958 |a CZ 
999 |c 1733366  |d 1735296